<?xml version="1.0" encoding="UTF-8"?>
<record
    xmlns:xsi="http://www.w3.org/2001/XMLSchema-instance"
    xsi:schemaLocation="http://www.loc.gov/MARC21/slim http://www.loc.gov/standards/marcxml/schema/MARC21slim.xsd"
    xmlns="http://www.loc.gov/MARC21/slim">

  <leader>00602nam a22002057a 4500</leader>
  <controlfield tag="005">20231009131240.0</controlfield>
  <controlfield tag="008">141114b        xxu||||| |||| 00| 0 eng d</controlfield>
  <datafield tag="041" ind1=" " ind2=" ">
    <subfield code="a">eng</subfield>
  </datafield>
  <datafield tag="082" ind1=" " ind2=" ">
    <subfield code="a">333.794</subfield>
    <subfield code="b">WAR 2014</subfield>
  </datafield>
  <datafield tag="100" ind1="0" ind2=" ">
    <subfield code="a">Warda Ajaz</subfield>
    <subfield code="9">118011</subfield>
  </datafield>
  <datafield tag="245" ind1=" " ind2=" ">
    <subfield code="a">Renewable Energy Microfinancing in Rural Communities of Pakistan</subfield>
    <subfield code="c">Warda Ajaz; supervised by Dr. Parvez Akhter</subfield>
  </datafield>
  <datafield tag="260" ind1=" " ind2=" ">
    <subfield code="c">2014</subfield>
  </datafield>
  <datafield tag="300" ind1=" " ind2=" ">
    <subfield code="a">xlv, 108, pages</subfield>
    <subfield code="e">+CD-ROM</subfield>
  </datafield>
  <datafield tag="502" ind1=" " ind2=" ">
    <subfield code="a">Thesis</subfield>
  </datafield>
  <datafield tag="520" ind1=" " ind2=" ">
    <subfield code="a">TH-2</subfield>
  </datafield>
  <datafield tag="650" ind1=" " ind2=" ">
    <subfield code="a">Renewable Resources</subfield>
    <subfield code="9">118012</subfield>
  </datafield>
  <datafield tag="650" ind1=" " ind2=" ">
    <subfield code="a">Finance</subfield>
    <subfield code="9">13793</subfield>
  </datafield>
  <datafield tag="700" ind1="1" ind2=" ">
    <subfield code="a">Dr.Akhter, Parvez</subfield>
    <subfield code="9">118013</subfield>
  </datafield>
  <datafield tag="942" ind1=" " ind2=" ">
    <subfield code="c">THE</subfield>
    <subfield code="2">ddc</subfield>
  </datafield>
  <datafield tag="999" ind1=" " ind2=" ">
    <subfield code="c">355498</subfield>
    <subfield code="d">355498</subfield>
  </datafield>
  <datafield tag="952" ind1=" " ind2=" ">
    <subfield code="0">0</subfield>
    <subfield code="1">0</subfield>
    <subfield code="2">ddc</subfield>
    <subfield code="4">0</subfield>
    <subfield code="7">0</subfield>
    <subfield code="a">CAS-E</subfield>
    <subfield code="b">CAS-E</subfield>
    <subfield code="d">2014-09-14</subfield>
    <subfield code="o">333.794</subfield>
    <subfield code="p">CAS-ETH0000002</subfield>
    <subfield code="r">2014-11-14</subfield>
    <subfield code="w">2014-11-14</subfield>
    <subfield code="y">THE</subfield>
  </datafield>
  <datafield tag="952" ind1=" " ind2=" ">
    <subfield code="0">0</subfield>
    <subfield code="1">0</subfield>
    <subfield code="2">ddc</subfield>
    <subfield code="4">0</subfield>
    <subfield code="7">0</subfield>
    <subfield code="a">CL</subfield>
    <subfield code="b">CL</subfield>
    <subfield code="c">THE</subfield>
    <subfield code="d">2020-03-09</subfield>
    <subfield code="l">0</subfield>
    <subfield code="o">620.0011 WAR 2014</subfield>
    <subfield code="p">CL-T-5362</subfield>
    <subfield code="r">2020-03-09</subfield>
    <subfield code="w">2020-03-09</subfield>
    <subfield code="y">THE</subfield>
  </datafield>
</record>
